Highest Paid NFL Players 17-18 Season - Statistics

General Stats
  • This quiz has been taken 106 times
  • The average score is 21 of 51
Answer Stats
# Pos Salary Answer % Correct
14 QB $20,500,000 Tom Brady
99%
7 QB $22,000,000 Aaron Rodgers
89%
10 QB $21,000,000 Eli Manning
78%
8 QB $21,900,000 Russell Wilson
78%
13 QB $20,750,000 Matt Ryan
73%
4 QB $24,250,000 Drew Brees
72%
QB $17,000,000 Alex Smith
70%
WR $17,000,000 Antonio Brown
70%
12 QB $20,760,000 Cam Newton
67%
11 QB $20,812,500 Philip Rivers
67%
9 QB $21,850,000 Ben Roethlisberger
66%
6 QB $22,133,333 Joe Flacco
63%
20 QB $17,666,667 Matthew Stafford
62%
28 DE $16,667,571 J.J. Watt
61%
29 OLB $16,500,000 Chandler Jones
60%
42 WR $14,251,209 Julio Jones
60%
5 QB $23,943,600 Kirk Cousins
60%
16 OLB $19,083,333 Von Miller
59%
1 QB $25,000,000 Derek Carr
56%
2 QB $24,594,000 Andrew Luck
55%
CB $14,000,000 Richard Sherman
54%
33 QB $16,000,000 Andy Dalton
52%
3 QB $24,350,000 Carson Palmer
48%
15 QB $19,250,000 Ryan Tannehill
45%
17 DT $19,062,500 Ndamukong Suh
44%
27 CB $16,742,400 Trumaine Johnson
44%
WR $15,000,000 A.J. Green
39%
45 WR $14,000,000 Demaryius Thomas
39%
36 QB $15,250,000 Tyrod Taylor
39%
44 CB $14,010,000 Patrick Peterson
38%
43 DT $14,250,000 Malik Jackson
34%
QB $18,000,000 Sam Bradford
28%
49 OT $13,600,000 Trent Williams
26%
WR $14,000,000 Dez Bryant
23%
DE $15,000,000 Calais Campbell
21%
34 DT $15,866,667 Gerald McCoy
21%
18 QB $18,000,000 Brock Osweiler
20%
37 CB $15,000,000 Josh Norman
18%
26 OLB $16,833,333 Justin Houston
18%
22 DT $17,100,000 Fletcher Cox
17%
QB $15,000,000 Mike Glennon
10%
50 CB $13,500,000 Joe Haden
9%
21 DE $17,200,000 Muhammad Wilkerson
9%
CB $13,500,000 A.J. Bouye
7%
DE $16,500,000 Melvin Ingram
6%
41 OLB $14,253,724 Robert Quinn
6%
35 DE $15,500,000 Jason Pierre-Paul
5%
32 DT $16,095,686 Marcell Dareus
4%
23 DE $17,000,000 Olivier Vernon
4%
48 CB $13,750,000 Desmond Trufant
2%
31 DT $16,100,000 Kawann Short
1%
No matching quizzes found
Score Distribution
Percent of People with Each Score
Percentile by Number Answered
Your Score History
You have not taken this quiz